Discurso pronunciado pelo Reitor da Universidade de Coimbra Julio Maximo de Oliveira Pimentel, Visconde de Villa Maior, em 16 de outubro de 1872, por occasião da festa commemorativa da reforma da mesma Universidade em 1772. (Record no. 160953)

MARC details
000 -LEADER
campo de control de longitud fija 00798nam a2200169 i 4500
001 - NÚMERO DE CONTROL
campo de control 160953
003 - IDENTIFICADOR DE NÚMERO DE CONTROL
campo de control ES-MaACL
005 - FECHA Y HORA DE LA ÚLTIMA TRANSACCIÓN
campo de control 20250802063117.0
008 - DATOS DE LONGITUD FIJA--INFORMACIÓN GENERAL
campo de control de longitud fija 041007s1872 po |||| | por d
100 1# - ENTRADA PRINCIPAL--NOMBRE DE PERSONA
Nombre de persona Oliveira Pimentel, Julio Maximo de,
Títulos y otros términos asociados al nombre Visconde de Villa Maior
9 (RLIN) 130621
245 10 - MENCIÓN DEL TÍTULO
Título Discurso pronunciado pelo Reitor da Universidade de Coimbra Julio Maximo de Oliveira Pimentel, Visconde de Villa Maior, em 16 de outubro de 1872, por occasião da festa commemorativa da reforma da mesma Universidade em 1772.
260 ## - PUBLICACIÓN, DISTRIBUCIÓN, ETC.
Lugar de publicación, distribución, etc. Coimbra :
Nombre del editor, distribuidor, etc. [s.n.],
Fecha de publicación, distribución, etc. 1872 (
Fabricante Imp. da Uiversidade)
300 ## - DESCRIPCIÓN FÍSICA
Extensión 30 p. ;
Dimensiones 25 cm.
610 2# - PUNTO DE ACCESO ADICIONAL DE MATERIA--NOMBRE DE ENTIDAD CORPORATIVA
Nombre de entidad corporativa o nombre de jurisdicción como elemento de entrada Universidade de Coimbra.
9 (RLIN) 7461
852 ## - LOCALIZACIÓN
Ubicación ES-MaACL
Número de control de estantería T-246-F-4
Nota libre - Enc. hol.
condición física - Falto de cub. original
Nota libre - Enc. en un vol. facticio
Holdings
Estatus retirado Estado de pérdida Estado de daño No para préstamo Colección Biblioteca de origen Biblioteca actual Ubicación en estantería Fecha de adquisición Total de préstamos Signatura topográfica completa Código de barras Visto por última vez Precio de reemplazo Tipo de ítem Koha
        Colección de folletos Biblioteca del Ateneo de Madrid Biblioteca del Ateneo de Madrid Depósito folletos 17/01/2008   T-246-F-4 1168560 23/02/2023 23/02/2023 Folleto